Quiz de Samoa - Statistics

Estatísticas Gerais
  • Esse quiz foi jogado 466 vezes
  • A pontuação média é 10 de 16
Estatísticas das Respostas
Dica Resposta % Correto
Línguas oficiais Inglês
93%
País que ainda controla a parte oriental das ilhas de Samoa Estados Unidos
86%
Região da Oceania da qual Samoa faz parte {Poli}nésia
85%
Constelação na bandeira de Samoa Cruzeiro do Sul
80%
98% dos Samoanos praticam esta religião Cristianismo
73%
22% da população de Samoa morreu nesta pandemia de 1918-1919 Gripe espanhola
73%
País que colonizou Samoa entre 1900 e 1914 Alemanha
68%
Línguas oficiais Samoano
68%
Tradicionalmente, muitos Samoanos os têm em seu corpo isto Tatuagens
67%
Esporte mais popular Rugby
61%
Capital Apia
60%
País do qual Samoa conquistou sua independência em 1962 Nova Zelândia
60%
Nome de Samoa antes de 1997 Samoa {Ocidental}
44%
Escritor escocês de "Ilha do Tesouro" que viveu em Samoa Robert Louis Stevenson
25%
As duas ilhas principais de Samoa Savai'i
21%
As duas ilhas principais de Samoa Upolu
20%
Nenhum quiz correspondente encontrado
Distribuição das Pontuações
Porcentagem de Pessoas com Cada Pontuação
Percentil de Números Respondidos
Sua Pontuação Histórica
Você não jogou esse quiz